Szeged város közgyűlése indítványok és választások napja
Elmentve itt :
| Dokumentumtípus: | Cikk |
|---|---|
| Megjelent: |
1911-03-30
|
| Sorozat: | Délmagyarország
2 No. 73 |
| Kulcsszavak: | Pottyondy Miklós, Papp Menyhért, Bózsó Antal, Lázár György, Taschler Endre, Ferenczy Béla, Korom Mihály, Goldschmiedt György, Tóth Imre, Bokor Pál, Regdon Károly, Holtzer Dániel, Balogh Károly, Pillich Kálmán, Kószó István, Fekete Béla, Balassa Ármin, Gaál Endre, Hoffmann Ignác, Közgyűlés Szeged 1911, Közigazgatás Szeged 1911 |
| Online Access: | http://dmarchiv.bibl.u-szeged.hu/58802 |
| LEADER | 00781nab a2200145 i 4500 | ||
|---|---|---|---|
| 001 | delm58802 | ||
| 005 | 20180927144654.0 | ||
| 008 | 180927s1911 hu o 0|| hun d | ||
| 040 | |a SZTE Délmagyarország Archívum |b hun | ||
| 041 | |a hun | ||
| 245 | 0 | 0 | |a Szeged város közgyűlése |h [elektronikus dokumentum] : |b indítványok és választások napja |
| 260 | |c 1911-03-30 | ||
| 300 | |a 8-9 | ||
| 490 | 0 | |a Délmagyarország |v 2 No. 73 | |
| 695 | |a Pottyondy Miklós, Papp Menyhért, Bózsó Antal, Lázár György, Taschler Endre, Ferenczy Béla, Korom Mihály, Goldschmiedt György, Tóth Imre, Bokor Pál, Regdon Károly, Holtzer Dániel, Balogh Károly, Pillich Kálmán, Kószó István, Fekete Béla, Balassa Ármin, Gaál Endre, Hoffmann Ignác, Közgyűlés Szeged 1911, Közigazgatás Szeged 1911 | ||